យន្តកម្មសម្រាប់ការអភិវឌ្ឍន៍ធនធានទឹក (Record no. 9085)

000 -LEADER
fixed length control field 00324nam a22001217a 4500
040 ## - CATALOGING SOURCE
Transcribing agency SY
082 ## - DEWEY DECIMAL CLASSIFICATION NUMBER
Classification number 623
100 ## - MAIN ENTRY--AUTHOR NAME
Personal name ឡោ លីតួ
245 ## - TITLE STATEMENT
Title យន្តកម្មសម្រាប់ការអភិវឌ្ឍន៍ធនធានទឹក
260 ## - PUBLICATION, DISTRIBUTION, ETC. (IMPRINT)
Place of publication RUA
Name of publisher ឡោ
Year of publication 2011
300 ## - PHYSICAL DESCRIPTION
Number of Pages 56p.
942 ## - ADDED ENTRY ELEMENTS (KOHA)
Koha item type សៀវភៅភាសាខ្មែរ
952 ## - LOCATION AND ITEM INFORMATION (KOHA)
Withdrawn status [LOCAL, KOHA] 0
952 ## - LOCATION AND ITEM INFORMATION (KOHA)
Withdrawn status [LOCAL, KOHA] 0
952 ## - LOCATION AND ITEM INFORMATION (KOHA)
Withdrawn status [LOCAL, KOHA] 0
Holdings
Permanent Location Date acquired Koha item type Lost status Shelving location Barcode Current Location Full call number
Library Block C2016-08-24សៀវភៅភាសាខ្មែរ C242RUA44627Library Block C623 ឡោ 2011 C242
Library Block C2016-08-31សៀវភៅភាសាខ្មែរ C244RUA043613Library Block C623 ឡោ 2011 C244
Library Block C2016-09-01សៀវភៅភាសាខ្មែរ C257RUA042271Library Block C623 ឡោ 2011 C257
មជ្ឈមណ្ឌលឯការនៃសាកលវិទ្យាល័យភូមិន្ទកសិកម្មចំការដូង

Powered by Koha